| 000 | 00641nam a22001937a 4500 | ||
|---|---|---|---|
| 999 |
_c16561 _d16561 |
||
| 003 | AR-CdUCM | ||
| 008 | 190503b ||||| |||| 00| 0 spa d | ||
| 040 |
_aMUNICIPALIDAD PROVINCIAL DEL CUSCO _cBIBLIOTECA MUNICIPAL DEL CUSCO |
||
| 082 |
_22ed. _a610.69 / _bL42 |
||
| 100 |
_aLawton, M. Murray _936071 |
||
| 245 | _aEl colaborador médico / | ||
| 260 |
_aMéxico : _bCentro regional de ayuda técnica, |
||
| 300 |
_a428 paginas ; _c27 cm. |
||
| 505 | _aContenido :Practicas profesionales --Practicas clínicas / | ||
| 650 |
_aMedicos auxiliares _936072 |
||
| 650 |
_aMedicina _93637 |
||
| 942 |
_2ddc _cLIBROS |
||
| 945 |
_arjall _d2019-05-03 |
||